000 00449nam a2200121Ia 4500
008 220620s9999||||xx |||||||||||||| ||und||
100 _aLiu, Lei
245 0 _aOrganic Service-Level Management in Service-Oriented Environments
546 _aEnglish[eng]
650 _aService Level Management||Multi-Agent Systems||Service-oriented Computing||Automated Negotiation||Organic Computing
856 _uhttps://www.ksp.kit.edu/9783866447301
942 _cEB
999 _c30890
_d30890